| 000 | 00569 a2200217 4500 | ||
|---|---|---|---|
| 260 | _aEtats unies | ||
| 630 | _a65 - Gestion et organisation de l'industrie du commerce et des transports | ||
| 650 | _a6 - SCIENCES APPLIQUEES. MEDECINE. TECHNOLOGIE | ||
| 100 | _aGayle , Rayburn L. | ||
| 260 | _bIrwin | ||
| 245 | _aCost accounting using acost management approach | ||
| 300 | _a986p | ||
| 650 | _aComptabilité : cout | ||
| 260 | _c1993 | ||
| 300 | _b27cm | ||
| 100 | _lEn | ||
| 037 | _aDe 8651 | ||
| 020 | _a0-256-08649-4 | ||
| 999 |
_c43946 _d43946 |
||